National Infrastructure Planning (Record no. 121024)
[ view plain ]
| 000 -LEADER | |
|---|---|
| fixed length control field | 00722cai a22001815a 4500 |
| 001 - CONTROL NUMBER | |
| control field | L158407 |
| 008 - FIXED-LENGTH DATA ELEMENTS--GENERAL INFORMATION | |
| fixed length control field | 150205u xxk g 000 0 eng d |
| 035 ## - SYSTEM CONTROL NUMBER | |
| System control number | (Sirsi) u158407 |
| 041 0# - LANGUAGE CODE | |
| Language code of text/sound track or separate title | eng |
| 110 2# - MAIN ENTRY--CORPORATE NAME | |
| Corporate name or jurisdiction name as entry element | The Planning Inspectorate |
| 9 (RLIN) | 5723 |
| 245 00 - TITLE STATEMENT | |
| Title | National Infrastructure Planning |
| 520 ## - SUMMARY, ETC. | |
| Summary, etc. | Provides information about major infrastructure projects in England and Wales. Includes information about the national infrastructure planning process introduced by the Planning Act 2008. |
| 590 ## - LOCAL NOTE (RLIN) | |
| Local note | KA |
| 651 #4 - SUBJECT ADDED ENTRY--GEOGRAPHIC NAME | |
| Geographic name | ENGLAND AND WALES |
| 690 ## - LOCAL SUBJECT ADDED ENTRY--TOPICAL TERM (OCLC, RLIN) | |
| Topical term or geographic name as entry element | Infrastructure |
| 9 (RLIN) | 6246 |
| 856 40 - ELECTRONIC LOCATION AND ACCESS | |
| Uniform Resource Identifier | <a href="https://infrastructure.planningportal.gov.uk/">https://infrastructure.planningportal.gov.uk/</a> |
| Public note | View the website free of charge at infrastructure.planningportal.gov.uk |
| 942 ## - ADDED ENTRY ELEMENTS (KOHA) | |
| Suppress in OPAC | 0 |
| Withdrawn status | Lost status | Source of classification or shelving scheme | Damaged status | Not for loan | Home library | Current library | Shelving location | Date acquired | Total Checkouts | Full call number | Barcode | Date last seen | Copy number | Price effective from | Koha item type |
|---|---|---|---|---|---|---|---|---|---|---|---|---|---|---|---|
| Dewey Decimal Classification | London | London | Online | 05/02/2015 | WEBSITE | 158407-1001 | 06/08/2019 | 1 | 06/08/2019 | Online material |